01361cam a2200361 i 450000100090000000300040000900500170001300800410003001000170007102000240008802000210011203500130013304000280014604200080017405000230018208200160020510000410022124502440026225000480050626400430055430000620059733600260065933700280068533800270071350400510074065000240079165000290081565000280084470000290087270000320090170000370093370000290097019988764OSt20260217094618.0170912s2019 nyua b 001 0 eng  a 2017042238 a9780134672090qhbk. a0134672097qhbk. a19988764 aDLCbengcDLCerdadDLC apcc00aQA154.3b.P74 201900a512/.132231 aDemana, Franklin D.,d1938-eauthor.10aPrecalculus :bgraphical, numerical, algebraic /cFranklin D. Demana, The Ohio State University, Bert K. Waits, The Ohio State University, Gregory D. Foley, Ohio University, Daniel Kennedy, Baylor School, David E. Bock, Ithaca High School. aTenth edition.bAnnotated Teacher's Edition 1aNew York, New York :bPearson,c[2019] axxiv, 938 pages :billustrations (chiefly color) ;c29 cm atextbtxt2rdacontent aunmediatedbn2rdamedia avolumebnc2rdacarrier aIncludes bibliographical references and index. 0aAlgebravTextbooks. 0aTrigonometryvTextbooks. 0aPrecalculusvTextbooks.1 aWaits, Bert K.,eauthor.1 aFoley, Gregory D.,eauthor.1 aKennedy, Daniel,d1946-eauthor.1 aBock, David E.,eauthor.